Loading...
| History - American | 0 | 6 | 0 | 0 | 60 | 8 | 54.67 | 3 | 6 | 0.00 | 0.00 |
| Religion | 0 | 5 | 0 | 1 | 50 | 33 | 79.60 | 3 | 4 | 0.00 | 0.00 |
| History - Other | 0 | 5 | 2 | 0 | 40 | 59 | 71.00 | 1 | 2 | 0.00 | 0.00 |
| Fine Arts - Visual | 0 | 4 | 0 | 2 | 40 | 98 | 126.75 | 0 | 0 | 0.00 | 0.00 |
| Literature - World/Other | 0 | 3 | 0 | 1 | 30 | 93 | 110.67 | 0 | 1 | 0.00 | 0.00 |
| Literature - European | 0 | 3 | 0 | 1 | 30 | 125 | 129.67 | 0 | 0 | 0.00 | 0.00 |
| Social Science | 0 | 3 | 1 | 0 | 25 | 49 | 69.33 | 1 | 2 | 0.00 | 0.00 |
| History - European | 0 | 3 | 1 | 0 | 25 | 66 | 84.33 | 0 | 2 | 0.00 | 0.00 |
| Fine Arts - Classical Music | 0 | 2 | 0 | 0 | 20 | 110 | 120.00 | 0 | 0 | 0.00 | 0.00 |
| Science - Other | 0 | 2 | 0 | 2 | 20 | 123 | 123.50 | 0 | 0 | 0.00 | 0.00 |
| Mythology | 0 | 2 | 1 | 1 | 15 | 93 | 123.50 | 0 | 0 | 0.00 | 0.00 |
| History - World | 0 | 2 | 2 | 0 | 10 | 79 | 83.00 | 0 | 0 | 0.00 | 0.00 |
| Philosophy | 0 | 1 | 0 | 0 | 10 | 77 | 77.00 | 0 | 1 | 0.00 | 0.00 |
| Literature - American | 0 | 1 | 0 | 0 | 10 | 108 | 108.00 | 0 | 0 | 0.00 | 0.00 |
| Literature - British | 0 | 1 | 1 | 0 | 5 | 101 | 101.00 | 0 | 0 | 0.00 | 0.00 |
| Pop Culture | 0 | 1 | 1 | 0 | 5 | 77 | 77.00 | 0 | 1 | 0.00 | 0.00 |
| Geography/Current Events | 0 | 1 | 1 | 0 | 5 | 101 | 101.00 | 0 | 0 | 0.00 | 0.00 |
| Fine Arts - Other | 0 | 1 | 1 | 0 | 5 | 132 | 132.00 | 0 | 1 | 0.00 | 0.00 |